| 000 | 01073nam2a2200241 4500 | ||
|---|---|---|---|
| 001 | RU\NLR\BIBL_A\011848543 | ||
| 005 | 20250626140116.0 | ||
| 035 | _a(NLR Aleph) 011848543 | ||
| 090 |
_a12089492 _c12089492 |
||
| 100 | _a20181029j19140414|||y0rusy50 ca | ||
| 101 | 0 |
_arus _atat |
|
| 102 | _aRU | ||
| 135 | _acrgn 008anaba | ||
| 200 | 0 | _a1914, № 8 (14 апр.) | |
| 210 |
_d1914 _aБ. м. |
||
| 325 | 1 | _aКопия доступна в электронной библиотеке РНБ | |
| 461 | 0 |
_1001RU\NLR\DRGNLR\2644 _12001#$aМиллят$v1914, № 8 (14 апр.) _910637812 _cПг _d1913 - 1915 _fРед. И.Леманов _nИ.А.Ахтямов, С.С.Джантюрин _oОбществ.-полит. и экон. газ. _tМиллят _v1914, № 8 (14 апр.) |
|
| 901 | _eГазеты | ||
| 942 | _cISSNP | ||
| 980 | _aNB | ||
| 981 | 2 | 7 |
_a(27) Периодические издания _b(27) Газеты |